Responses for show #5427 - Tuesday, March 25, 2008

Contestants

[<< previous game]

Andy Catsimanes, an Internet marketing copy writer from Overland Park, Kansas

Abigail Rosenthal, a graduate student from Sioux Falls, South Dakota

Sara Boretz, a prospect research coordinator from Upland, California (whose 1-day cash winnings total $8,199)

[next game >>]

Jeopardy! Round responses

IKE SPEAKS
MOVIE COMEDIES
3 LITTLE LETTERS
WHERE'D YA GO TO SCHOOL?
MASSACHUSETTS
THE "BAY" STATE
    $200 8
the Constitution

Sara
    $200 2
Knocked Up

Abigail
    $200 1
the KGB

Abigail
    $200 12
the Sorbonne

Sara
    $200 22
Boston

Abigail
    $200 17
the bomb bay

Andy
    $400 27
May

Triple Stumper
    $400 3
When Harry Met Sally...

Abigail
    $400 7
NBC

Abigail
    $400 13
Brown

Andy
    $400 23
the mayflower

Andy
    $400 18
bayonet

Andy
    $1,200 28
(Alex: Yeah, that's right. Obviously not one of Richard Nixon's biggest fans.)

Nixon

Abigail
    $600 4
Old School

Abigail
    $600 9
G.E.D.

Andy
    $600 14
Georgetown

Abigail
    $600 24
Lexington & Concord

Abigail
    $600 19
the Bay of Pigs

Abigail
    $800 29
Little Rock

Sara
    $800 5
(Alex: You have spent a lot of time going to the movies. Go again.)

Evan Almighty

Abigail
    $800 10
CVS

Sara
    $800 15
Wyoming

Andy
    $800 25
gingham

Triple Stumper
    $800 20
a bay window

Sara
    $1000 30
Earl Warren

Sara
    $1000 6
(Alex: Yes. Abigail was too young to attend that motion picture.)

Dirty Rotten Scoundrels

Andy
    $1000 11
(Abigail: What is UPS?)

DHL

SaraAbigail
    $1000 16
Trinity

Sara
    $1000 26
(Andy: What is Chesapeake?)

Plymouth

Andy
Triple Stumper
    $1000 21
Bayreuth

Andy

Scores at the first commercial break (after clue 15):

Sara Abigail Andy
$2,200 $2,200 $2,800

Scores at the end of the Jeopardy! Round:

Sara Abigail Andy
$5,800 $4,800 $3,800

Double Jeopardy! Round responses

WORLD HISTORY
POP CULTURE'S PARTING WORDS
"A" IN SCIENCE
DAYS
MEN & WOMEN OF LETTERS
(Alex: People who are better known by their initials.)
6-LETTER WORDS
    $400 15
Charlemagne

Triple Stumper
    $400 10
Hasta la vista

Sara
    $400 5
anemia

Abigail
    $400 18
a penny

Abigail
    $400 1
J.K. Rowling

Andy
    $400 23
finale

Sara
    $800 16
Crete

Andy
    $800 11
Farewell

Andy
    $3,000 6
(Abigail: What is acidic?)

alkaline

Abigail
    $800 19
Sunday

Abigail
    $1,800 2
J.D. Salinger

Andy
    $800 24
cloven

Sara
    $1200 17
William of Orange

Abigail
    $1200 12
Sayonara

Triple Stumper
    $1200 7
absorb (the heat)

Triple Stumper
    $1200 20
the sabbath

Andy
    $1200 3
E.B. White

Andy
    $1200 25
a kernel

Abigail
    $1600 29
Herodotus

Andy
    $1600 13
So Long

Sara
    $1600 8
amoeba

Andy
    $1600 21
the 8-hour workday

Abigail
    $1600 4
V.C. Andrews

Abigail
    $1600 26
mutton

Andy
    $2000 30
(Tomás de) Torquemada

Abigail
    $2000 14
Au revoir

Sara
    $2000 9
anaphylactic

Sara
    $2000 22
Midsummer's Day

Abigail
    $2000 28
Chesterton

Andy
    $2000 27
violet

Triple Stumper

Scores at the end of the Double Jeopardy! Round:

Sara Abigail Andy
$13,000 $13,000 $16,800

[wagering suggestions for these scores]

Final Jeopardy! Round responses

ANCIENT NAMES
[Sara's response is revealed before Abigail's.]
(Alex: Sophos for "wise" and cles for the other part. Yes. "Famous".)
AbigailWho was Sophocles?
$13,000
SaraWho is Aescylus?
$5,000
AndyWho is Sophocles?
$9,201
Sophocles

Final scores:

Sara Abigail Andy
$8,000 $26,000 $26,001
3rd place: $1,000 2nd place: $2,000 New champion: $26,001

Game dynamics:

Coryat scores:

Sara Abigail Andy
$13,000 $15,400 $15,800
14 R,
0 W
20 R
(including 1 DD),
2 W
(including 1 DD)
18 R
(including 1 DD),
1 W

Combined Coryat: $44,200

The J! Archive is created by fans, for fans. The Jeopardy! game show and all elements thereof, including but not limited to copyright and trademark thereto, are the property of Jeopardy Productions, Inc. and are protected under law. This website is not affiliated with, sponsored by, or operated by Jeopardy Productions, Inc. Join the discussion at JBoard.tv.